000 00234nam a22000977a 4500
999 _c15952
_d15952
003 OSt
008 191024b ||||| |||| 00| 0 eng d
100 _aKammath,S K R.
_94425
245 _aAvan manushyanai Jeevikan Agrahikunnu
942 _cBK